=LDR 00000nam 2200000 4500 =001 000913 =005 20250712123407 =035 ##$$a 0010-0725000791 =007 ta =008 250712################a##########0#ind## =020 ##$$a 978-623-307-314-1 =082 ##$$a 398. 209 598 =084 ##$$a 398. 209 598 MOA a =100 #$$a Moahloli, Refi Ioe =245 1#$$a Ada Alien Di Rumahku! /$c Refi Ioe Moahloli =250 ##$$a Cetakan Pertama =260 ##$$a Jakarta Timur :$b Badan Pengembangan dan Pembinaan Bahasa,$c 2024 =300 ##$$a 16 : $b Ilus. ; $c 21 cm =650 #4$$a Cerita anak Indonesia-Terjemahan =856 ##$$a TBM As-Suhada =990 ##$$a TBM202400626